| 000 | 00802cam a22002654a 4500 | ||
|---|---|---|---|
| 001 | 13668848 | ||
| 005 | 20180309071846.0 | ||
| 008 | 040726s2005 mau b 001 0 eng | ||
| 010 | _a 2004017494 | ||
| 020 | _a0763744611 | ||
| 035 | _a(DNLM)101225300 | ||
| 040 |
_aDNLM/DLC _cDLC _dDLC |
||
| 041 | _aeng | ||
| 042 | _apcc | ||
| 060 | 1 | 0 |
_a616.044 _bF197m 2005 |
| 080 | _a616.044 | ||
| 082 | 0 | 0 |
_a616.044 FAL _222 |
| 100 | 1 | _a4 | |
| 101 | _aSHM | ||
| 245 | 1 | 0 |
_aMedical and psychosocial aspects of chronic illness and disability / _cDonna Falvo. |
| 504 | _aIncludes bibliographical references and index. | ||
| 906 |
_a7 _bcbc _corignew _d1 _eecip _f20 _gy-gencatlg |
||
| 942 |
_2ddc _cBK |
||
| 999 |
_c44569 _d44569 |
||